Pokemon de la 8G par définitions Pokedex - Statistiques

Statistiques générales
  • Ce quiz a été pris 229 fois
  • Le résultat moyen est 14 sur 20
Statistiques - réponses
Descriptions Pokedex Pokemons % Correct
Il pare les attaques avec le tranchant de son solide poireau, et contre-attaque avec la pointe de la tige. Son arme est également comestible. Palarticho
97%
Son pelage frisé est doux et rebondi comme un coussin. Une telle toison le protégerait même s'il chutait d'une falaise. Moumouton
84%
Ce glouton assiste les humains dans leur travail en échange de friandises. Il court sans arrêt, le corps enveloppé d'électricité. Voltoutou
84%
Il est équipé d'une arme antique avec laquelle il tranche d'un seul coup les Pokemon, même ceux qui disposent du pouvoir du Gigamax. Zacian
84%
Il repère le point faible de l'ennemi grâce à sa membrane nictitante, puis il transperce sa cible en tirant des jets d'eau à Mach 3 du bout des doigts. Lezargus
83%
Originaire d'une contrée polaire, ce Pokemon a débarqué dans la région ballotté par les flots. Il garde toujours la tête froide. Bekaglacon
80%
Il amasse tellement de Baies dans sa queue qu'elles tombent les unes après les autres, mais il est si étourdi qu'il ne s'en rend pas compte. Rongrigou
80%
Mû par le besoin de tester la force de ses bras, il se rend sur la terre ferme pour trouver un adversaire. Il retourne à l'eau après le combat. Krakos
76%
Il peut expulser 100 kg de sable de ses narines en compressant tout son corps. Quand il est à court de sable, il a tendance à se dérober. Dunaja
75%
Il court pour augmenter sa température et faire circuler l'énergie incandescente dans son corps. Il peut ainsi déployer toute sa puissance. Flambino
73%
Il éloigne les autres êtres vivants en émettant des ondes psychiques pouvant donner des maux de tête épouvantables. Sorcilence
73%
Ses hormones de satiété ont modifié son comportement. Tant qu'il ne sera pas rassasié, il enchaînera les mauvais tours. Morpeko
69%
Il peut faire tourner ses pattes très vite pour se déplacer à une vitesse de 30 km/h. Il peut aussi souffler des flammes à 1000°C. Wagomine
69%
Son corps est recouvert de nectar. La peau de son dos, particulièrement sucrée, constituait jadis le goûter des enfants. Dratatin
68%
Impatient et bagarreur, ce Pokemon avale de grandes gorgées d'eau croupie pour en absorber toute la toxicité. Salarsen
67%
Pour se refaire une santé, il hume l'énergie négative que les humains et les Pokemon dégagent quand ils sont irrités. Grimalin
58%
Il marque sa victime pour la suivre à l'odeur. Sitôt qu'elle est distraite, il s'empresse de lui voler ses biens. Roublenard
58%
Il se tient immobile au milieu des plaines et passe son temps à observer la course du soleil dans le ciel. Son jeu de jambes est phénoménal. Dolman
44%
Seul, il est si faible qu'il ne saurait rivaliser avec un enfant, mais en coopérant avec ses semblables, il peut devenir assez fort pour évoluer. Fantyrm
40%
Sa peau verte résiste bien à l'eau. Il s'est installé dans la région il y a longtemps et a travaillé en coopération avec les Hommes. Pachyradjah
30%
Aucun quiz correspondant
Distribution des résultats
% des personnes avec chaque résultat
Percentile par nombre de réponses
Votre historique - résultats
Vous n’avez pas pris ce quiz